| 000 | 00396cam a22001337a 4500 | ||
|---|---|---|---|
| 008 | 180718b1983 xxu||||| |||| 00| 0 eng d | ||
| 082 | _aL6x42 H347 | ||
| 100 | _aHeald, David | ||
| 245 |
_aPublic expenditure: its defence and reform _cby David Heald |
||
| 260 |
_aOxford _bMartin Robertson _c1983 |
||
| 300 | _a376p. | ||
| 500 | _aBibliography, p.335-62 | ||
| 650 | _aFinance, Public --Great Britain | ||
| 999 |
_c345908 _d345908 |
||